|
|
|
|
| LEADER |
00000nam0a2200000 4500 |
| 001 |
81231 |
| 005 |
20231031095059.0 |
| 010 |
|
|
|a 5939723608
|
| 035 |
|
|
|a (RuTPU)RU\TPU\book\87330
|
| 090 |
|
|
|a 81231
|
| 100 |
|
|
|a 20050919d2004 m y0rusy50 ca
|
| 101 |
0 |
|
|a rus
|
| 102 |
|
|
|a RU
|
| 105 |
|
|
|a a j 001zy
|
| 200 |
1 |
|
|a Биофизическая динамика продукционных процессов
|f Г. Ю. Ризниченко, А. Б. Рубин
|
| 210 |
|
|
|a Москва
|a Ижевск
|c Институт компьютерных исследований
|d 2004
|
| 215 |
|
|
|a 464 с.
|c ил.
|
| 225 |
1 |
|
|a Биофизика. Математическая биология
|
| 320 |
|
|
|a Библиография в конце глав.
|
| 330 |
|
|
|a Учебное пособие написано по материалам лекций, читаемых в последние годы на биологическом факультете Московского государственного университета им. М. В. Ломоносова. В книге обсуждаются основные биофизические закономерности и математические модели биологических продукционных процессов. Модели представляют собой системы обыкновенных дифференциальных уравнений, уравнения с запаздыванием, уравнения в частных производных, а также матричные и стохастические модели. Рассмотрены продукционные процессы в одно-, двух- и многовидовых биологических сообществах, процессы роста и развития микробных популяций, факторы, определяющие продуктивность водных экосистем. 0co6оe внимание уделено изучению закономерностей пространственно-временной самоорганизации продукционных систем. Для студентов и аспирантов биологических специальностей, а также для специалистов, использующих кинетические модели продукционного процесса в научной и практической работе.
|
| 610 |
1 |
|
|a популяции
|
| 610 |
1 |
|
|a продукционные процессы
|
| 610 |
1 |
|
|a биофизическая динамика
|
| 610 |
1 |
|
|a математические модели
|
| 610 |
1 |
|
|a рост
|
| 610 |
1 |
|
|a развитие
|
| 610 |
1 |
|
|a взаимодействия
|
| 610 |
1 |
|
|a биологические сообщества
|
| 610 |
1 |
|
|a водные экосистемы
|
| 610 |
1 |
|
|a микроорганизмы
|
| 610 |
1 |
|
|a культивирование
|
| 610 |
1 |
|
|a растения
|
| 610 |
1 |
|
|a человек
|
| 610 |
1 |
|
|a учебные пособия
|
| 675 |
|
|
|a 574.3(075.8)
|v 3
|
| 700 |
|
1 |
|a Ризниченко
|b Г. Ю.
|g Галина Юрьевна
|
| 701 |
|
1 |
|a Рубин
|b А. Б.
|g Андрей Борисович
|
| 801 |
|
1 |
|a RU
|b 63413507
|c 20050919
|g PSBO
|
| 801 |
|
2 |
|a RU
|b 63413507
|c 20051003
|g PSBO
|
| 942 |
|
|
|c BK
|